| 000 | 00834ntm a22002297a 4500 | ||
|---|---|---|---|
| 005 | 20170813152832.0 | ||
| 008 | 170802s2014 xx a frb 000 0 eng d | ||
| 040 |
_aEG-ScBUE _beng _cEG-ScBUE |
||
| 082 | 0 | 4 |
_222 _a624 _bBAD |
| 100 | 1 | _aBadran, Omar Nabil. | |
| 245 | 1 | 0 |
_aEarth retaining system for a residential compound using anchored diaphragm wall / _cOmar Nabil Badran. |
| 260 | _c2014. | ||
| 300 |
_a84 p. : _bill. (col.) ; _c28 cm. |
||
| 500 | _aA design project submitted to the faculty of engineering the British University in Egypt,in partial fulfillment of the requirements for the bachelor degree in civil engineering | ||
| 590 | _aNagwa | ||
| 650 | 7 |
_2BUEsh _aCivil Engineering _vProjects |
|
| 653 |
_bENGCIV _cAugust2017 |
||
| 655 | _vSPRO | ||
| 700 | 1 |
_aAbdel-Salam, Sherif. _eths |
|
| 777 | _ASPRO | ||
| 942 | _2ddc | ||
| 999 |
_c25341 _d25313 |
||